| 000 | 00430cam a2200181ua 4500 | ||
|---|---|---|---|
| 020 | _c4.00 | ||
| 041 |
_amal _h |
||
| 082 |
_a894.812308 _bVAS/NU |
||
| 100 | _aVazov, Ivan . | ||
| 245 |
_aNukathinnadiyil / _cIvan Vazov. _hTextual Documents |
||
| 260 |
_aErnakulam : _bPrabhatham book house , _c1959. |
||
| 300 | _a395 ; . | ||
| 365 | _a4.00 | ||
| 504 | _a | ||
| 942 | _cBK | ||
| 999 |
_c728 _d728 |
||